[Event "Serbia op-A"]
[Site "Belgrade"]
[Date "2025.07.21"]
[Round "7"]
[White "Preobrazhenskaya, Diana"]
[Black "Andrejic, Vladica"]
[Result "1-0"]
[WhiteElo "2029"]
[BlackElo "2161"]
[PlyCount "69"]
[EventDate "2025.07.14"]
[EventType "swiss"]
[EventRounds "9"]
[EventCountry "SRB"]
[SourceTitle "CB30_2025"]
[SourceDate "2025.07.23"]
[SourceVersion "1"]
[SourceVersionDate "2025.07.23"]
[SourceQuality "1"]

1. e4 e5 2. Nf3 Nc6 3. Bb5 a6 4. Ba4 Nf6 5. 0-0 Be7 6. Re1 b5 7. Bb3 0-0 8. h3 Bb7 9. d3 d5 10. exd5 Nxd5 11. Nbd2 Nd4 12. c3 Nxb3 13. Nxb3 Nf4 14. Bxf4 exf4 15. Na5 Bd5 16. c4 Bb4 17. cxd5 Bxa5 18. Re5 f6 19. Rf5 Qd7 20. Nd4 g6 21. Qg4 Rf7 22. Ne6 Kh8 23. Rxf4 Qxd5 24. Rd4 Qe5 25. Nd8 Rg7 26. Nc6 f5 27. Qg5 Qe2 28. Rd8+ Rxd8 29. Qxd8+ Rg8 30. Qf6+ Rg7 31. Nxa5 Qxd3 32. Re1 Qd7 33. Nc6 Kg8 34. Ne7+ Kh8 35. Qf8+ 1-0

[Event "Serbia op-A"]
[Site "Belgrade"]
[Date "2025.07.17"]
[Round "4"]
[White "Pajcin, Lav"]
[Black "Andrejic, Vladica"]
[Result "1-0"]
[WhiteElo "2300"]
[BlackElo "2161"]
[PlyCount "77"]
[EventDate "2025.07.14"]
[EventType "swiss"]
[EventRounds "9"]
[EventCountry "SRB"]
[SourceTitle "CB30_2025"]
[SourceDate "2025.07.23"]
[SourceVersion "1"]
[SourceVersionDate "2025.07.23"]
[SourceQuality "1"]

1. d4 d5 2. c4 c6 3. Nf3 Nf6 4. e3 Bf5 5. Nc3 e6 6. Nh4 Be4 7. f3 Bg6 8. Nxg6 hxg6 9. Qb3 Qc7 10. cxd5 Nxd5 11. Bd2 Nd7 12. 0-0-0 a5 13. g3 b5 14. Nxd5 exd5 15. e4 Nb6 16. Bf4 Qd7 17. h4 Bd6 18. e5 a4 19. Qc2 Be7 20. Bh3 Qb7 21. e6 f5 22. Qd3 b4 23. Kb1 Nc4 24. Bc1 b3 25. a3 0-0-0 26. h5 Rxh5 27. g4 Rh4 28. gxf5 Rdh8 29. Bg2 Rxh1 30. Bxh1 g5 31. Bg2 Qc7 32. Bf1 Qh2 33. Bd2 Bxa3 34. bxa3 Nxa3+ 35. Ka1 Nb5 36. Rc1 Qd6 37. Rc5 Kd8 38. Bxg5+ Ke8 39. Qxb5 1-0

[Event "Belgrade-chT Premier"]
[Site "Belgrade"]
[Date "2023.09.29"]
[Round "1.3"]
[White "Tadic, Stefan"]
[Black "Andrejic, Vladica"]
[Result "1-0"]
[WhiteElo "2386"]
[BlackElo "2184"]
[PlyCount "105"]
[EventDate "2023.09.29"]
[EventType "team-tourn"]
[EventRounds "11"]
[EventCountry "SRB"]
[SourceTitle "CBM 216 Extra"]
[Source "ChessBase"]
[SourceDate "2023.11.30"]
[SourceVersion "1"]
[SourceVersionDate "2023.11.30"]
[SourceQuality "1"]
[WhiteTeam "Belgrade Turbina"]
[BlackTeam "Belgrade Itaka"]
[WhiteTeamCountry "SRB"]
[BlackTeamCountry "SRB"]

1. e4 c5 2. Nc3 e6 3. Nf3 Nc6 4. d4 cxd4 5. Nxd4 Qc7 6. Be2 a6 7. 0-0 Nf6 8. Be3 Bb4 9. Nxc6 bxc6 10. Qd4 c5 11. Qc4 Bb7 12. a3 Ba5 13. Qxc5 Qxc5 14. Bxc5 Bxc3 15. bxc3 Nxe4 16. Bd4 f6 17. f3 e5 18. fxe4 exd4 19. cxd4 Bxe4 20. Bh5+ Kd8 21. c4 Rb8 22. Rf2 Rb3 23. c5 Rd3 24. Be2 Rxd4 25. Bxa6 Kc7 26. a4 Kc6 27. a5 Ra8 28. Bf1 Rd5 29. a6 Ra7 30. Rb2 Rxc5 31. Rb8 Kc7 32. Rg8 g5 33. Re1 Re5 34. Rg7 h5 35. Re3 Ra8 36. g3 Kd6 37. h3 Bc6 38. Rd3+ Ke6 39. Rb3 Kd6 40. Rd3+ Bd5 41. Rd2 Ke6 42. Bb5 Bc6 43. Bc4+ d5 44. Bf1 Kd6 45. Rf2 Rf8 46. Rb2 Re7 47. Rg6 Re3 48. Kh2 Ke5 49. Rg7 Kd6 50. Rf2 Ke6 51. Rb2 Ra3 52. a7 Rf7 53. Re2+ 1-0

[Event "Titled Tuesday intern op 27th Jun Late"]
[Site "Chess.com INT"]
[Date "2023.06.27"]
[Round "5"]
[White "Czerw, Dawid"]
[Black "Andrejic, Vladica"]
[Result "1-0"]
[WhiteElo "2400"]
[BlackElo "2184"]
[PlyCount "103"]
[EventDate "2023.06.27"]
[EventType "swiss (blitz)"]
[EventRounds "11"]
[EventCountry "USA"]
[SourceTitle "EXT 2024"]
[Source "ChessBase"]
[SourceDate "2023.10.10"]
[SourceVersion "1"]
[SourceVersionDate "2023.10.10"]
[SourceQuality "1"]

1. e4 d5 2. exd5 Nf6 3. Nc3 Nxd5 4. Nf3 Bg4 5. Be2 e6 6. 0-0 Nc6 7. d4 Be7 8. Ne4 h6 9. Ng3 Nf6 10. c3 0-0 11. h3 Bxf3 12. Bxf3 Qd7 13. Qa4 Nd8 14. Qc2 c6 15. Be3 Nd5 16. Bd2 Re8 17. Qe4 Rc8 18. Be2 Bd6 19. Nh5 e5 20. Bd3 g6 21. Qxd5 gxh5 22. Qf3 exd4 23. Qxh5 Bf8 24. Bxh6 Bxh6 25. Qxh6 Re6 26. Qh7+ Kf8 27. Bf5 Ke7 28. Qh4+ Kf8 29. Qxd4 Qxd4 30. cxd4 Rc7 31. Bxe6 Nxe6 32. Rad1 Rd7 33. d5 cxd5 34. Rd3 Ke7 35. Rfd1 Nc7 36. f4 Kd6 37. Kf2 Re7 38. Re3 Rd7 39. g4 b5 40. g5 Ne6 41. Kf3 Kc5 42. Rc3+ Kd6 43. Rcd3 Kc5 44. h4 d4 45. Ke4 Kc4 46. b3+ Kb4 47. Rxd4+ Nxd4 48. Rxd4+ Rxd4+ 49. Kxd4 Ka3 50. h5 Kxa2 51. h6 Kxb3 52. h7 1-0

[Event "Titled Tuesday intern op 27th Jun Late"]
[Site "Chess.com INT"]
[Date "2023.06.27"]
[Round "1"]
[White "Pinheiro, Iung Alicio"]
[Black "Andrejic, Vladica"]
[Result "1-0"]
[WhiteElo "2306"]
[BlackElo "2184"]
[PlyCount "75"]
[EventDate "2023.06.27"]
[EventType "swiss (blitz)"]
[EventRounds "11"]
[EventCountry "USA"]
[SourceTitle "EXT 2024"]
[Source "ChessBase"]
[SourceDate "2023.10.10"]
[SourceVersion "1"]
[SourceVersionDate "2023.10.10"]
[SourceQuality "1"]

1. e4 d5 2. exd5 Nf6 3. d4 Nxd5 4. c4 Nb6 5. Nc3 e5 6. Nf3 exd4 7. Qxd4 Qxd4 8. Nxd4 Be7 9. Bf4 c6 10. 0-0-0 0-0 11. Bd3 h6 12. Rhe1 Bf6 13. Bf1 Na6 14. Bd6 Rd8 15. c5 Nd7 16. Ne4 Bxd4 17. Rxd4 Nf8 18. Bxa6 bxa6 19. Red1 Be6 20. b3 Bd5 21. f3 Ne6 22. Ra4 Rd7 23. Nc3 Nc7 24. Nxd5 Nxd5 25. Rxa6 Rc8 26. Kb2 Rb7 27. Rd4 f6 28. Rda4 Ne3 29. Rxa7 Rxa7 30. Rxa7 Nxg2 31. a4 Ne1 32. f4 g5 33. f5 Nd3+ 34. Kc3 Nf4 35. a5 Nd5+ 36. Kb2 Ne3 37. a6 Nxf5 38. Rb7 1-0

[Event "Belgrade-chT Quality"]
[Site "Belgrade"]
[Date "2022.10.12"]
[Round "11.4"]
[White "Radivojevic, Tomislav"]
[Black "Andrejic, Vladica"]
[Result "1/2-1/2"]
[WhiteElo "2131"]
[BlackElo "2216"]
[PlyCount "63"]
[EventDate "2022.10.01"]
[EventType "team-tourn"]
[EventRounds "11"]
[EventCountry "SRB"]
[SourceTitle "EXT 2024"]
[Source "ChessBase"]
[SourceDate "2023.10.10"]
[SourceVersion "1"]
[SourceVersionDate "2023.10.10"]
[SourceQuality "1"]
[WhiteTeam "Belgrade Banjica"]
[BlackTeam "Belgrade Itaka"]
[WhiteTeamCountry "SRB"]
[BlackTeamCountry "SRB"]

1. d3 c5 2. Nd2 g6 3. g3 Bg7 4. Bg2 Nc6 5. Ngf3 b6 6. e4 e6 7. 0-0 Nge7 8. Re1 d5 9. h4 0-0 10. Rb1 Qc7 11. exd5 exd5 12. Nf1 Bb7 13. Bf4 Qd7 14. Qd2 Rfe8 15. Ng5 Nd4 16. c3 f6 17. Nf3 Nxf3+ 18. Bxf3 d4 19. Bxb7 dxc3 20. bxc3 Qxb7 21. Qe3 Qd7 22. Qf3 Rad8 23. Rbd1 Nd5 24. Rxe8+ Qxe8 25. Bd2 f5 26. c4 Nc3 27. Bxc3 Bxc3 28. Ne3 Bd4 29. Re1 Bc3 30. Rd1 Bd4 31. Re1 Bc3 32. Rd1 1/2-1/2

[Event "Belgrade-chT Quality"]
[Site "Belgrade"]
[Date "2022.10.05"]
[Round "5.4"]
[White "Djordjevic, Danilo"]
[Black "Andrejic, Vladica"]
[Result "0-1"]
[WhiteElo "2111"]
[BlackElo "2216"]
[PlyCount "127"]
[EventDate "2022.10.01"]
[EventType "team-tourn"]
[EventRounds "11"]
[EventCountry "SRB"]
[SourceTitle "CBM 210 Extra"]
[Source "ChessBase"]
[SourceDate "2022.11.30"]
[SourceVersion "1"]
[SourceVersionDate "2022.11.30"]
[SourceQuality "1"]
[WhiteTeam "Belgrade Partizan"]
[BlackTeam "Belgrade Itaka"]
[WhiteTeamCountry "SRB"]
[BlackTeamCountry "SRB"]

1. d4 d5 2. Nf3 Nf6 3. Bf4 c5 4. c3 Qb6 5. Qb3 e6 6. dxc5 Bxc5 7. Qxb6 Bxb6 8. e3 0-0 9. Nbd2 Nc6 10. Ne5 Nxe5 11. Bxe5 Bd7 12. Be2 Rac8 13. 0-0 Bc7 14. Bxf6 gxf6 15. e4 Bc6 16. exd5 Bxd5 17. Bf3 Rfd8 18. Rfd1 Be5 19. g3 Bc6 20. Bxc6 Rxc6 21. Ne4 Rxd1+ 22. Rxd1 f5 23. Ng5 Rd6 24. Rxd6 Bxd6 25. f4 h6 26. Nf3 Kf8 27. Kf2 Ke7 28. Ke3 Bc5+ 29. Kd3 Bf2 30. b4 Kd6 31. c4 a6 32. Ne5 Bg1 33. Nf3 Bf2 34. Ke2 Ba7 35. Ne5 Ke7 36. c5 f6 37. Nc4 Bb8 38. Na5 e5 39. Ke3 Kd7 40. Nxb7 Kc6 41. Nd8+ Kd5 42. Nf7 h5 43. h4 Kc4 44. Nd6+ Kxb4 45. Nxf5 exf4+ 46. gxf4 Ba7 47. Ng7 Bxc5+ 48. Kf3 Ka3 49. Nxh5 Kxa2 50. f5 Kb3 51. Nf4 a5 52. h5 Bf8 53. Ne6 Bh6 54. Ke4 Kc4 55. Nd4 a4 56. Nc2 Bf8 57. Ne3+ Kb3 58. Kd3 a3 59. Nc2 a2 60. Kd2 Bh6+ 61. Kd3 Bf8 62. Na1+ Kb2 63. Nc2 Bh6 64. Ke4 0-1

[Event "Belgrade-chT Quality"]
[Site "Belgrade"]
[Date "2022.10.02"]
[Round "2.4"]
[White "Svicevic, Rastko"]
[Black "Andrejic, Vladica"]
[Result "1-0"]
[WhiteElo "2175"]
[BlackElo "2216"]
[PlyCount "53"]
[EventDate "2022.10.01"]
[EventType "team-tourn"]
[EventRounds "11"]
[EventCountry "SRB"]
[SourceTitle "CBM 210 Extra"]
[Source "ChessBase"]
[SourceDate "2022.11.30"]
[SourceVersion "1"]
[SourceVersionDate "2022.11.30"]
[SourceQuality "1"]
[WhiteTeam "Belgrade Radnicki"]
[BlackTeam "Belgrade Itaka"]
[WhiteTeamCountry "SRB"]
[BlackTeamCountry "SRB"]

1. d4 d5 2. Bg5 h6 3. Bh4 c6 4. Nf3 Bf5 5. e3 Qb6 6. b3 Nd7 7. Nbd2 Ngf6 8. c4 a5 9. Be2 e6 10. a3 c5 11. 0-0 Bd6 12. b4 axb4 13. axb4 Rxa1 14. Qxa1 Qxb4 15. e4 Bxe4 16. Bxf6 gxf6 17. Nxe4 dxe4 18. Rb1 Qxb1+ 19. Qxb1 exf3 20. Bxf3 cxd4 21. Qxb7 Ke7 22. Bc6 Rd8 23. Kf1 e5 24. g4 Bc5 25. Ke2 Kd6 26. Bxd7 Rxd7 27. Qd5+ 1-0

[Event "SRB-chT Premier"]
[Site "Vrnjacka Banja"]
[Date "2021.09.12"]
[Round "7.2"]
[White "Popovic, Milan S"]
[Black "Andrejic, Vladica"]
[Result "1-0"]
[WhiteElo "2338"]
[BlackElo "2227"]
[PlyCount "81"]
[EventDate "2021.09.07"]
[EventType "team-tourn"]
[EventRounds "11"]
[EventCountry "SRB"]
[SourceTitle "CBM 204 Extra"]
[Source "ChessBase"]
[SourceDate "2021.11.30"]
[SourceVersion "1"]
[SourceVersionDate "2021.11.30"]
[SourceQuality "1"]
[WhiteTeam "Novi Sad SK"]
[BlackTeam "Belgrade Itaka"]
[WhiteTeamCountry "SRB"]
[BlackTeamCountry "SRB"]

1. e4 c5 2. Nf3 e6 3. d4 cxd4 4. Qxd4 Nc6 5. Qe3 Nf6 6. Nc3 Qa5 7. Bd3 a6 8. Bd2 Qc7 9. h3 d6 10. 0-0 b5 11. a4 b4 12. Na2 Rb8 13. Nd4 Nxd4 14. Qxd4 Qc5 15. Qxc5 dxc5 16. Bf4 Rb6 17. f3 Nd7 18. Nc1 Bd6 19. a5 Rc6 20. Bxd6 Rxd6 21. Nb3 Rc6 22. Nd2 Ne5 23. Nc4 Nxc4 24. Bxc4 Ke7 25. e5 Rd8 26. Rfd1 Rc7 27. Rxd8 Kxd8 28. Rd1+ Rd7 29. Rxd7+ Kxd7 30. Kf2 Kc6 31. f4 f6 32. Ke3 Kd7 33. g3 Bb7 34. Kd2 Bc8 35. c3 bxc3+ 36. Kxc3 Kc6 37. h4 f5 38. b4 g6 39. Kb3 h6 40. Kc3 h5 41. Kb3 1-0

[Event "SRB-chT Premier"]
[Site "Vrnjacka Banja"]
[Date "2021.09.10"]
[Round "4.6"]
[White "Mijailovic, Zoran"]
[Black "Andrejic, Vladica"]
[Result "1/2-1/2"]
[WhiteElo "2344"]
[BlackElo "2227"]
[PlyCount "70"]
[EventDate "2021.09.07"]
[EventType "team-tourn"]
[EventRounds "11"]
[EventCountry "SRB"]
[SourceTitle "CBM 204 Extra"]
[Source "ChessBase"]
[SourceDate "2021.11.30"]
[SourceVersion "1"]
[SourceVersionDate "2021.11.30"]
[SourceQuality "1"]
[WhiteTeam "Lucani Mladost"]
[BlackTeam "Belgrade Itaka"]
[WhiteTeamCountry "SRB"]
[BlackTeamCountry "SRB"]

1. d4 d5 2. c4 c6 3. Nf3 Nf6 4. e3 e6 5. b3 Nbd7 6. Bd3 Bd6 7. Bb2 0-0 8. 0-0 Qc7 9. Nbd2 e5 10. c5 Be7 11. Nxe5 Nxe5 12. dxe5 Ng4 13. Nf3 f6 14. exf6 Bxf6 15. Bxf6 Rxf6 16. h3 Ne5 17. Nxe5 Qxe5 18. Qd2 Bf5 19. Rae1 Raf8 20. Bxf5 Rxf5 21. Qd4 Qe7 22. b4 Re5 23. Rd1 Re4 24. Qb2 b6 25. Rd4 Rxe3 26. cxb6 axb6 27. b5 Re2 28. Rd2 Rxd2 29. Qxd2 Qc5 30. bxc6 Qxc6 31. Rc1 Qd6 32. Qd4 Rf4 33. Rc8+ Rf8 34. Rc2 Rf4 35. Rc8+ Rf8 1/2-1/2

[Event "SRB-chT Premier"]
[Site "Vrnjacka Banja"]
[Date "2021.09.09"]
[Round "3.2"]
[White "Andrejic, Vladica"]
[Black "Maksimovic, Branimir"]
[Result "1/2-1/2"]
[WhiteElo "2227"]
[BlackElo "2301"]
[PlyCount "43"]
[EventDate "2021.09.07"]
[EventType "team-tourn"]
[EventRounds "11"]
[EventCountry "SRB"]
[SourceTitle "CBM 204 Extra"]
[Source "ChessBase"]
[SourceDate "2021.11.30"]
[SourceVersion "1"]
[SourceVersionDate "2021.11.30"]
[SourceQuality "1"]
[WhiteTeam "Belgrade Itaka"]
[BlackTeam "Valjevo 2005"]
[WhiteTeamCountry "SRB"]
[BlackTeamCountry "SRB"]

1. e4 e5 2. Nf3 Nc6 3. Bc4 Bc5 4. 0-0 Nf6 5. d4 Bxd4 6. Nxd4 Nxd4 7. f4 Qe7 8. fxe5 Qxe5 9. Bf4 Qc5 10. Bxf7+ Kxf7 11. Be3 d6 12. Bxd4 Qg5 13. Nc3 Be6 14. Qe2 Rhf8 15. e5 dxe5 16. Ne4 Qg4 17. Qxg4 Bxg4 18. Nxf6 gxf6 19. Bxe5 Kg6 20. Bxc7 Rfc8 21. Rf4 Be6 22. Raf1 1/2-1/2

[Event "Belgrade-chT"]
[Site "Belgrade"]
[Date "2019.09.29"]
[Round "7.1"]
[White "Jocev, Milan"]
[Black "Andrejic, Vladica"]
[Result "1/2-1/2"]
[WhiteElo "2245"]
[BlackElo "2236"]
[PlyCount "20"]
[EventDate "2019.09.23"]
[EventType "team-tourn"]
[EventRounds "11"]
[EventCountry "SRB"]
[SourceTitle "EXT 2020"]
[Source "ChessBase"]
[SourceDate "2019.10.17"]
[SourceVersion "1"]
[SourceVersionDate "2019.10.17"]
[SourceQuality "1"]
[WhiteTeam "Mirijevo"]
[BlackTeam "Belgrade Vodovod"]
[WhiteTeamCountry "SRB"]
[BlackTeamCountry "SRB"]

1. Nf3 Nf6 2. c4 g6 3. Nc3 Bg7 4. e4 d6 5. d4 0-0 6. Be2 e5 7. 0-0 Nc6 8. d5 Ne7 9. Ne1 Nd7 10. Be3 f5 1/2-1/2

[Event "Belgrade-chT Quality"]
[Site "Belgrade"]
[Date "2018.09.26"]
[Round "9.1"]
[White "Andrejic, Vladica"]
[Black "Vencl, Radivoje"]
[Result "1/2-1/2"]
[WhiteElo "2246"]
[BlackElo "2270"]
[PlyCount "55"]
[EventDate "2018.09.17"]
[EventType "team-tourn"]
[EventRounds "11"]
[EventCountry "SRB"]
[SourceTitle "CBM 186 Extra"]
[Source "ChessBase"]
[SourceDate "2018.08.24"]
[SourceVersion "1"]
[SourceVersionDate "2018.08.24"]
[SourceQuality "1"]
[WhiteTeam "Belgrade Vodovod"]
[BlackTeam "MZ Cirilo i Metodije"]
[WhiteTeamCountry "SRB"]
[BlackTeamCountry "SRB"]

1. d4 Nf6 2. c4 d5 3. cxd5 Nxd5 4. e4 Nf6 5. Nc3 e6 6. Nf3 Be7 7. Bc4 0-0 8. 0-0 b6 9. Qe2 Bb7 10. Rd1 Qc8 11. Bg5 Re8 12. Rac1 h6 13. Bh4 c6 14. e5 Nh7 15. Bxe7 Rxe7 16. Ne4 a5 17. Nd6 Qd7 18. Nxb7 Qxb7 19. Bd3 Qd7 20. Be4 Ra7 21. h4 Rc7 22. Rc3 Re8 23. Nh2 Qe7 24. Qc2 Nf8 25. h5 c5 26. f4 Na6 27. Qe2 cxd4 28. Rxc7 1/2-1/2

[Event "Belgrade-chT Premier"]
[Site "Belgrade"]
[Date "2017.09.19"]
[Round "2.3"]
[White "Andrejic, Vladica"]
[Black "Matovic, Mihajlo Z"]
[Result "1-0"]
[WhiteElo "2236"]
[BlackElo "2252"]
[PlyCount "58"]
[EventDate "2017.09.18"]
[EventType "team"]
[EventRounds "9"]
[EventCountry "SRB"]
[SourceTitle "CBM 180 Extra"]
[Source "ChessBase"]
[SourceDate "2017.10.06"]
[SourceVersion "1"]
[SourceVersionDate "2017.10.06"]
[SourceQuality "1"]
[WhiteTeam "Belgrade Vodovod"]
[BlackTeam "Belgrade Partizan"]
[WhiteTeamCountry "SRB"]
[BlackTeamCountry "SRB"]

1. d4 Nf6 2. c4 e6 3. Nc3 Bb4 4. Qc2 0-0 5. Nf3 c5 6. dxc5 Na6 7. g3 Nxc5 8. Bg2 b6 9. 0-0 Bb7 10. a3 Bxc3 11. Qxc3 Rc8 12. Bf4 d5 13. Rac1 Nfe4 14. Qc2 dxc4 15. Rfd1 Qe7 16. Qxc4 Nxf2 17. Bd6 Qd8 18. Rd4 Bd5 19. Bxf8 Qxf8 20. Qb4 Nfe4 21. Nd2 a5 22. Qxb6 Rb8 23. Qxa5 Nxd2 24. Qxc5 Nb3 25. Qxf8+ Kxf8 26. Rxd5 exd5 27. Rd1 d4 28. Bd5 Ke7 29. Kf2 f5 1-0

[Event "Belgrade-ch sf"]
[Site "Belgrade"]
[Date "2017.01.23"]
[Round "1"]
[White "Petrovic, Sreten"]
[Black "Andrejic, Vladica"]
[Result "0-1"]
[WhiteElo "1753"]
[BlackElo "2262"]
[PlyCount "58"]
[EventDate "2017.01.23"]
[EventType "swiss"]
[EventRounds "7"]
[EventCountry "SRB"]
[SourceTitle "CBM 176 Extra"]
[Source "ChessBase"]
[SourceDate "2017.03.02"]
[SourceVersion "1"]
[SourceVersionDate "2017.03.02"]
[SourceQuality "1"]

1. c4 c6 2. d4 d5 3. cxd5 cxd5 4. Nc3 Nf6 5. g3 e6 6. Bg2 Be7 7. Nf3 0-0 8. 0-0 Nc6 9. a3 b6 10. b4 Bb7 11. Bb2 Ne8 12. e3 Nd6 13. Nd2 Rc8 14. Re1 Qd7 15. Bh3 f5 16. Bf1 Nd8 17. Rc1 N8f7 18. h4 g5 19. hxg5 Nxg5 20. Nf3 Nxf3+ 21. Qxf3 Kh8 22. Qd1 Rg8 23. Bd3 Ne4 24. Bxe4 fxe4 25. Kg2 Bd6 26. Qh5 Rcf8 27. Ne2 Rf5 28. Qh3 Qf7 29. Rf1 Rh5 0-1

[Event "Valjevo Gvozdenovic Memorial"]
[Site "Valjevo"]
[Date "2016.12.08"]
[Round "6"]
[White "Andrejic, Vladica"]
[Black "Vujic, Luka"]
[Result "1-0"]
[WhiteElo "2250"]
[BlackElo "2228"]
[PlyCount "57"]
[EventDate "2016.12.05"]
[EventType "swiss"]
[EventRounds "9"]
[EventCountry "SRB"]
[EventCategory "5"]
[SourceTitle "CBM 176 Extra"]
[Source "ChessBase"]
[SourceDate "2017.03.02"]
[SourceVersion "1"]
[SourceVersionDate "2017.03.02"]
[SourceQuality "1"]

1. e4 e5 2. Nf3 Nc6 3. Bc4 Nf6 4. Ng5 d5 5. exd5 Nd4 6. c3 b5 7. Bf1 Nxd5 8. cxd4 Qxg5 9. Bxb5+ Kd8 10. 0-0 Bb7 11. Qf3 exd4 12. d3 Qe5 13. Bd2 Bd6 14. Qh3 f5 15. Re1 Qf6 16. Qxh7 Rf8 17. h4 Bf4 18. g3 Bxd2 19. Nxd2 Nb6 20. Qh5 c6 21. Bc4 Nxc4 22. Nxc4 Kc7 23. Re5 Rad8 24. Rae1 Rd7 25. Re6 Qd8 26. R1e5 f4 27. Re8 Rxe8 28. Rxe8 Qf6 29. Qa5# 1-0

[Event "Valjevo Gvozdenovic Memorial"]
[Site "Valjevo"]
[Date "2016.12.07"]
[Round "4"]
[White "Andrejic, Vladica"]
[Black "Stojkovic, Predrag S"]
[Result "1-0"]
[WhiteElo "2250"]
[BlackElo "2154"]
[PlyCount "64"]
[EventDate "2016.12.05"]
[EventType "swiss"]
[EventRounds "9"]
[EventCountry "SRB"]
[EventCategory "5"]
[SourceTitle "CBM 176 Extra"]
[Source "ChessBase"]
[SourceDate "2017.03.02"]
[SourceVersion "1"]
[SourceVersionDate "2017.03.02"]
[SourceQuality "1"]

1. d4 d5 2. c4 dxc4 3. e3 Nf6 4. Bxc4 e6 5. Nf3 Be7 6. 0-0 0-0 7. Qe2 b6 8. Rd1 Bb7 9. Nc3 Ne4 10. Bd3 Nxc3 11. bxc3 Qd5 12. e4 Qh5 13. Bf4 Nd7 14. Qe3 c5 15. Ne5 Nxe5 16. Bxe5 Rac8 17. Be2 Qg6 18. d5 exd5 19. exd5 Rcd8 20. Bd3 f5 21. c4 Qf7 22. a4 Rfe8 23. Qg3 g6 24. Rab1 Bf6 25. f4 Rd7 26. Bxf5 Bxe5 27. Bxd7 Bd4+ 28. Rxd4 Qxd7 29. Rdd1 Qxa4 30. f5 Qxc4 31. fxg6 Bxd5 32. gxh7+ Kxh7 1-0

[Event "Palic Karadzic Memorial op"]
[Site "Palic"]
[Date "2016.11.02"]
[Round "7"]
[White "Andrejic, Vladica"]
[Black "Nadj, Vanja"]
[Result "1-0"]
[WhiteElo "2287"]
[BlackElo "1879"]
[PlyCount "51"]
[EventDate "2016.10.29"]
[EventType "swiss"]
[EventRounds "9"]
[EventCountry "SRB"]
[SourceTitle "CBM 175 Extra"]
[Source "ChessBase"]
[SourceDate "2016.12.12"]
[SourceVersion "1"]
[SourceVersionDate "2016.12.12"]
[SourceQuality "1"]

1. d4 Nf6 2. c4 g6 3. Nc3 Bg7 4. e4 d6 5. f4 c5 6. d5 0-0 7. Nf3 e6 8. Be2 exd5 9. cxd5 Re8 10. e5 dxe5 11. fxe5 Ng4 12. e6 fxe6 13. d6 a6 14. 0-0 Nc6 15. Ne4 Bd7 16. h3 Nge5 17. Nxe5 Bxe5 18. Bg5 Qb6 19. Nf6+ Bxf6 20. Rxf6 Nd4 21. Bd3 Nf5 22. Bxf5 exf5 23. Qd5+ Kh8 24. Rf7 Re6 25. Rxd7 Rae8 26. Re7 1-0

[Event "Belgrade-chT"]
[Site "Belgrade"]
[Date "2016.10.14"]
[Round "6.2"]
[White "Andrejic, Vladica"]
[Black "Pastar, Slaven"]
[Result "1-0"]
[WhiteElo "2287"]
[BlackElo "2249"]
[PlyCount "75"]
[EventDate "2016.10.08"]
[EventType "team-tourn"]
[EventRounds "13"]
[EventCountry "SRB"]
[SourceTitle "EXT 2017"]
[Source "ChessBase"]
[SourceDate "2016.10.25"]
[SourceVersion "1"]
[SourceVersionDate "2016.10.25"]
[SourceQuality "1"]
[WhiteTeam "Delfin"]
[BlackTeam "Cyril i Metodije"]
[WhiteTeamCountry "SRB"]
[BlackTeamCountry "SRB"]

1. d4 d5 2. c4 dxc4 3. e3 Nf6 4. Bxc4 g6 5. Nf3 Bg7 6. 0-0 0-0 7. Nc3 Bg4 8. h3 Bxf3 9. Qxf3 c6 10. Rd1 Nbd7 11. e4 b5 12. Bb3 Nb6 13. Bg5 a5 14. a4 b4 15. Ne2 Rc8 16. Rac1 Nfd7 17. Rc2 Ne5 18. Qe3 c5 19. Rxc5 Nc6 20. d5 Ne5 21. Rxc8 Nxc8 22. f4 Nd7 23. e5 h6 24. Bh4 Qc7 25. Bxe7 Nxe7 26. d6 Qd8 27. dxe7 Qxe7 28. Rd5 Rc8 29. Qa7 Rd8 30. Qxa5 g5 31. Nd4 Rc8 32. Nf5 Qe6 33. Nxg7 Kxg7 34. Qxb4 Qf5 35. Qd2 Nc5 36. Bc2 Qe6 37. f5 Qa6 38. f6+ 1-0

[Event "Belgrade-chT"]
[Site "Belgrade"]
[Date "2016.10.10"]
[Round "3.5"]
[White "Tosic, Srecko"]
[Black "Andrejic, Vladica"]
[Result "1-0"]
[WhiteElo "2332"]
[BlackElo "2287"]
[PlyCount "97"]
[EventDate "2016.10.08"]
[EventType "team-tourn"]
[EventRounds "13"]
[EventCountry "SRB"]
[SourceTitle "EXT 2017"]
[Source "ChessBase"]
[SourceDate "2016.10.25"]
[SourceVersion "1"]
[SourceVersionDate "2016.10.25"]
[SourceQuality "1"]
[WhiteTeam "Bogoslov"]
[BlackTeam "Delfin"]
[WhiteTeamCountry "SRB"]
[BlackTeamCountry "SRB"]

1. e4 c5 2. Nf3 e6 3. d4 cxd4 4. Nxd4 a6 5. Nc3 Qc7 6. g3 Bb4 7. Bd2 Nf6 8. Bg2 Nc6 9. Nb3 Be7 10. 0-0 0-0 11. a4 Nb4 12. Re1 d5 13. exd5 Nfxd5 14. Nxd5 Nxd5 15. c4 Nb4 16. Re4 Rd8 17. Qe2 Bd7 18. c5 Nd5 19. Ba5 b6 20. cxb6 Nxb6 21. Rd4 Rab8 22. Qxa6 Bc8 23. Qd3 Rxd4 24. Qxd4 Bf6 25. Qc5 Qxc5 26. Nxc5 Bd4 27. Rc1 Nd7 28. b4 Nxc5 29. bxc5 Bxc5 30. Rxc5 Rb1+ 31. Bf1 Ba6 32. Rb5 Bxb5 33. axb5 Kf8 34. Kg2 Ke7 35. Bc3 f6 36. Bd4 Kd6 37. Be3 g5 38. Bd3 Rb3 39. Be2 Rb2 40. Bf1 g4 41. Bd4 Rb4 42. Bxf6 e5 43. Bg5 Kd5 44. Be3 Rb2 45. b6 h5 46. Ba6 Kc6 47. Bc8 Rb1 48. b7 h4 49. gxh4 1-0